| 000 | 01800nam a2200265 a 4500 | ||
|---|---|---|---|
| 001 | 82256 | ||
| 003 | BD-RjUL | ||
| 005 | 20240125114549.0 | ||
| 008 | 231106s2022 bg a|||| m||| 00| 0 ben d | ||
| 035 | _a(BD-RjUL)82256 | ||
| 040 |
_aBD-RjUL _bben / eng _cBD-RjUL _dBD-RjUL |
||
| 041 | _aben | ||
| 082 |
_223 _a724.54925 _bHOB 2022 |
||
| 100 |
_aহোসেন, মো. সাফায়েত _99947 |
||
| 245 | 1 | 0 |
_aবাংলার ঔপনিবেশিক স্থাপত্য : _bযশোর জেলা (১৭৬৫-১৯৪৭) / _cমো. সাফায়েত হোসেন ; _6গবেষণা তত্ত্বাবধায়ক : কাজী মো. মোস্তাফিজুর রহমান. |
| 246 |
_aColonial Architecture of Bengal : _bJashore District (1765-1947) / |
||
| 260 |
_aরাজশাহী : _bইনস্টিটিউট অব বাংলাদেশ স্টাডিজ, রাজশাহী বিশ্ববিদ্যালয়, _c২০২২. |
||
| 300 |
_axviii, ৪০৯ পাতা : _bচিত্র ; _c২৯ সেমি. |
||
| 502 | _aথিসিস (পিএইচ. ডি.) -- ইনস্টিটিউট অব বাংলাদেশ স্টাডিজ, রাজশাহী বিশ্ববিদ্যালয়, ২০২২ | ||
| 504 | _aগ্রন্থপঞ্জি : পাতা [৪০৩]-৪০৯ | ||
| 650 |
_aঔপনিবেশিক স্হাপত্য _v১৭৬৫-১৯৪৭ _zযশোর জেলা _99948 |
||
| 650 |
_aColonial Architecture _v1765-1947 _zJashore District _99949 |
||
| 700 |
_aরহমান, কাজী মো. মোস্তাফিজুর, গবেষণা তত্ত্বাবধায়ক _99950 |
||
| 942 |
_2ddc _cTHE |
||
| 999 |
_c82256 _d82256 |
||